Energy technology perspectives 2010 scenarios & strategies to 2050
Na minha lista:
| Autor Corporativo: | |
|---|---|
| Formato: | Livro |
| Idioma: | inglês |
| Publicado em: |
Paris
OECD
2010
|
| Assuntos: | |
| Tags: |
Sem tags, seja o primeiro a adicionar uma tag!
|
MARC
| LEADER | 00000nam$a2200000$$$4500 | ||
|---|---|---|---|
| 001 | 0126643 | ||
| 005 | 20221108071220.6 | ||
| 020 | |a 978-92-64-08597-8 | ||
| 041 | 0 | |a eng | |
| 044 | |a FR | ||
| 245 | 1 | 0 | |a Energy technology perspectives 2010 |b scenarios & strategies to 2050 |
| 264 | 1 | |a Paris |b OECD |c 2010 | |
| 300 | |a 706 s. | ||
| 610 | 2 | 0 | |a energetika |
| 610 | 2 | 0 | |a energia |
| 610 | 2 | 0 | |a technológie nové |
| 610 | 2 | 0 | |a výroba energie |
| 610 | 2 | 0 | |a spotreba energie |
| 610 | 2 | 0 | |a využitie energie |
| 610 | 2 | 0 | |a priemysel |
| 610 | 2 | 0 | |a doprava |
| 610 | 2 | 0 | |a financie |
| 610 | 2 | 0 | |a ochrana prostredia životného |
| 610 | 2 | 0 | |a palivá |
| 610 | 2 | 0 | |a emisie |
| 610 | 2 | 0 | |a prognózy |
| 610 | 2 | 0 | |a porovnanie štatistické medzinárodné |
| 610 | 2 | 0 | |a Európa |
| 610 | 2 | 0 | |a USA |
| 610 | 2 | 0 | |a Čína |
| 610 | 2 | 0 | |a India |
| 710 | 2 | |a OECD. International Energy Agency | |